Petita història dels jocs olímpics : de l'antiga Grècia a Barcelona / Granollers '92 / [Text: Jordi Romea] de l'antiga Grècia a Barcelona / Granollers '92 / [Text:
Publicado:
Granollers :
Ajuntament de Granollers ; Barcelona : Diputació de Barcelona. Àrea d'Esports ,
2002
Descripción Física:
49 p. : il. col. ; 20 cm
Materias:
Jocs olímpics -- Història
MARC
| LEADER | 00000nam a2200000Ia 4500 | ||
|---|---|---|---|
| 001 | 19273 | ||
| 008 | 160829s2002 xx 000 0 cat d | ||
| 080 | |a FU-3-37 | ||
| 100 | |a Romea, Jordi |9 43245 | ||
| 245 | |a Petita història dels jocs olímpics : |b de l'antiga Grècia a Barcelona / Granollers '92 / [Text: |b Jordi Romea] | ||
| 260 | |a Granollers : |b Ajuntament de Granollers ; Barcelona : |b Diputació de Barcelona. Àrea d'Esports, |c 2002 | ||
| 300 | |a 49 p. : |b il. col. ; |c 20 cm | ||
| 590 | |a Bibliografia | ||
| 650 | |a Jocs olímpics |x Història |9 42820 | ||
| 710 | 1 | |a Granollers (Catalunya). |b Ajuntament |9 52880 | |
| 710 | |a Barcelona (Catalunya : Província). |b Àrea d'Esports |9 53827 | ||
| 901 | |a Arxiu | ||
| 942 | |n 1 |2 udc | ||
| 952 | |0 0 |1 0 |4 0 |6 FU337 |7 1 |9 51299 |a Arxiu |b Arxiu |d 2016-12-01 |l 0 |o FU-3-37 |p 19273 |r 2016-12-01 00:00:00 |w 2016-12-01 |y ARXIU | ||
| 999 | |c 55143 |d 55143 | ||